| 000 | 00353nam a2200133Ia 4500 | ||
|---|---|---|---|
| 008 | 220217s9999||||xx |||||||||||||| ||und|| | ||
| 020 | _a81-7890-152-8 | ||
| 082 | _a541.378 SYL | ||
| 100 |
_aSylvin, Morris _95606 |
||
| 245 | 0 | _aConcepts in magnetochemistry | |
| 260 |
_aIVY publishing house _bDelhi _c2007 |
||
| 300 | _b350 | ||
| 650 | _aCHEMISTRY | ||
| 999 |
_c176635 _d176635 |
||